Medical tourism - Statistics

General Stats
  • This quiz has been taken 100 times
  • The average score is 19 of 39
Answer Stats
Hint Answer % Correct
North America United States
97%
Canada
91%
France
87%
Germany
87%
Europe United Kingdom
85%
India
75%
South Africa
75%
Sweden
68%
Oceania Australia
64%
Thailand
64%
Indonesia
57%
Denmark
56%
Poland
56%
Malaysia
53%
Austria
52%
Singapore
52%
Vietnam
49%
Saudi Arabia
48%
United Arab Emirates
47%
Oman
45%
Asia Qatar
43%
Cuba
42%
Cambodia
41%
Kuwait
40%
Tunisia
40%
Hungary
38%
Africa Algeria
37%
Philippines
37%
Jordan
36%
Laos
36%
Yemen
36%
Libya
34%
Bangladesh
30%
Nepal
30%
Afghanistan
29%
South America Bolivia
26%
Burma
19%
Lithuania
18%
Sudan
14%
No matching quizzes found
Score Distribution
Percent of People with Each Score
Percentile by Number Answered
Your Score History
You have not taken this quiz